Responses for Show #5381 - Monday, January 21, 2008

Contestants

[<< previous game]

Jean Doolittle, a tech trainer from Ham Lake, Minnesota

Rob Skolits, a management consultant and actor originally from Flemington, New Jersey

Christa Franklin Ishino, a homemaker and freelance editor from Northville, Michigan (whose 1-day cash winnings total $17,599)

[next game >>]

Jeopardy! Round responses

HISTORIC AMOURS
"M"ISCELLANY
TRANSPORTATION
EUROPEANA
(Alex: ...and I'm not.)
2007 BESTSELLERS
WHAT A FAMOUS HORSE RACE!
    $200 1
Julius Caesar

Jean
    $200 2
Munchkins

Rob
    $200 7
boxcars

Rob
    $200 24
France

Christa
    $200 13
Jason Bourne

Christa
    $200 21
(Alex: Okay, Trevor Denman with the call.)

Silver

Rob
    $400 12
(Rob: Who is Alexander the Great?)
(Jean: Who is David?)

Herod the Great

RobJean
Triple Stumper
    $400 3
merit badges

Jean
    $400 8
a hearse

Jean
    $400 25
(Jean: What is Warsaw?)

Cracow

ChristaJean
    $400 14
the Dalai Lama

Christa
    $400 22
(Alex: Minute to go.)

Mr. Ed

Rob
    $600 16
Louis XIV

Christa
    $600 4
a marinade

Jean
    $600 9
(Rob: What are Zeppelins?)
(Jean: What are gliders?)

hot air balloons

ChristaRobJean
    $600 26
Prague

Christa
    $600 15
Albert Einstein

Triple Stumper
    $600 23
Black Beauty

Christa
    $800 17
(Rob: Who is Catherine the Great?)

Mary, Queen of Scots

Rob
Triple Stumper
    $800 5
mermaid

Christa
    $800 10
circus wagons

Jean
    $800 27
[The end-of-round signal sounds.]

Balkan states

Rob
    $1,000 19
Hillary Clinton

Christa
    $1000 18
Charles II

Triple Stumper
    $1000 6
Malaysia

Jean
    $1000 11
a pram

Jean
    $1000 20
Nancy Drew

Jean

Scores at the first commercial break (after clue 15):

Christa Rob Jean
$2,000 -$600 $3,400

Scores at the end of the Jeopardy! Round:

Christa Rob Jean
$5,400 $0 $4,000

Double Jeopardy! Round responses

OPERA NAMES
WAR OF THE WORLDS
MYTHOLOGICAL WORDS & PHRASES
LAMPS
DEATH
IN VENICE
    $400 1
Madame Butterfly

Rob
    $400 3
Return of the Jedi

Christa
    $400 11
Adonis

Christa
    $400 16
a hurricane lamp

Jean
    $400 19
(Rob: What is a funeral?)
(Alex: Be more specific.)
(Rob: What is a burial?)

cremation

RobJean
    $400 24
the Grand Canal

Rob
    $800 2
Carmen

Jean
    $800 5
Spaceballs

Rob
    $800 12
an Achilles' heel

Christa
    $800 17
miners

Triple Stumper
    $800 20
a jazz funeral

Christa
    $1200 4
Aida

Jean
    $1200 7
Dune

Jean
    $1200 13
a harpy

Rob
    $1200 18
they don't mix

Christa
    $1200 21
Islam

Triple Stumper
    $1600 6
(Rob: Who is Quasimodo?)

Rigoletto

Rob
Triple Stumper
    $1600 8
Alien

Christa
    $2,000 14
mercurial

Rob
    $2,000 25
(Rob: What is a firehouse?)

a lighthouse

Rob
    $1600 22
the Hindu religion

Jean
    $2000 9
(Christa: Die Meistersinger?)

Parsifal

Christa
Triple Stumper
    $2000 10
Starship Troopers

Triple Stumper
    $2000 15
the Elysian Fields

Jean
    $2000 26
(Christa: What is a lumiere?)
...
[The end-of-round signal sounds.]

torchiere

Christa
Triple Stumper
    $2000 23
Catholicism

Christa

Scores at the end of the Double Jeopardy! Round:

Christa Rob Jean
$8,600 $800 $11,600

[wagering suggestions for these scores]

Final Jeopardy! Round responses

SHAKESPEAREAN GEOGRAPHY
RobWhat is Padua?
$799
ChristaWhat is America?
$8,599
JeanWhat is Illyria?
$5,601
America

Final scores:

Christa Rob Jean
$17,199 $1 $5,999
2-day champion: $34,798 3rd place: $1,000 2nd place: $2,000

Game dynamics:

Coryat scores:

Christa Rob Jean
$8,400 $2,400 $11,600
17 R
(including 1 DD),
2 W
10 R
(including 1 DD),
6 W
(including 1 DD)
15 R,
3 W

Combined Coryat: $22,400

[game clues] [game scores] [suggest correction]

Game tape date: 2007-10-25
The J! Archive is created by fans, for fans. Scraping, republication, monetization, and malicious use prohibited; this site may use cookies and collect identifying information. See terms. The Jeopardy! game show and all elements thereof, including but not limited to copyright and trademark thereto, are the property of Jeopardy Productions, Inc. and are protected under law. This website is not affiliated with, sponsored by, or operated by Jeopardy Productions, Inc. Join the discussion at JBoard.tv.